000 00501nam a2200181Ia 4500
005 20250423095017.0
008 250422s9999 xx 000 0 und d
020 _a0-89391-912-8
050 _aLB1738.5.D46
100 _aThomas A. Mulkeen
245 0 _aDemocratic Leadership: The Changing Context of Administrative Preparation
260 _aNew Jersey
260 _bAblex Publishing Corporation Norwood
260 _c1993
300 _a263 p
650 _aEducational Leadership
942 _cBK
999 _c28964
_d28964